Joseph Geovanes
N/A
Categories
History - European | 2 | 2 | 0 | 0 | 50 | 31 | 65.25 | 2 | 2 |
History - Cross, Historiography, and Miscellaneous | 0 | 4 | 0 | 0 | 40 | 100 | 111.75 | 0 | 0 |
History - World | 0 | 2 | 0 | 0 | 20 | 108 | 112.00 | 0 | 0 |
Geography - World | 0 | 2 | 0 | 0 | 20 | 115 | 116.50 | 0 | 0 |
Geography - Europe | 1 | 0 | 0 | 0 | 15 | 27 | 27.00 | 0 | 0 |
Current Events - U.S. | 0 | 1 | 0 | 0 | 10 | 122 | 122.00 | 0 | 0 |
Geography - United States | 0 | 1 | 0 | 0 | 10 | 123 | 123.00 | 0 | 0 |
History - American | 0 | 1 | 0 | 0 | 10 | 115 | 115.00 | 0 | 0 |
Other - Other Academic and General Knowledge | 0 | 1 | 0 | 0 | 10 | 99 | 99.00 | 0 | 1 |
RMP - World Mythology | 0 | 1 | 0 | 0 | 10 | 77 | 77.00 | 0 | 0 |
Literature - World and Miscellaneous | 0 | 0 | 0 | 0 | 0 | 0.00 | 0 | 0 | |
Science - Biology | 0 | 0 | 0 | 0 | 0 | 0.00 | 0 | 0 |